00526nam a2200157Ia 450000500170000000800410001708200130005810000190007124500710009026000460016130000220020765000190022994200060024895200990025499900150035320250314035021.0240331s9999 xx 000 0 und d bILAa894 aIlankoadikal,V 0aSilappathikaramoolamum :barumpathavuraiyum adiyatkkunallaruraiyum aThanchavurbTamil palkalai kalakhamc1985 aXXIX, 744 p .,  aSilapathikaram cL 001040708LaWERCLbWERCLcSSCd2024-03-31l0o 894.811 ILAp1634r2024-03-31w2024-03-31yL c3964d3964